000 00738nam a2200181Ia 4500
008 090630s9999 xx 000 0 und d
082 _b15795
100 _aदेवळे श. रा.
245 _aरामायण आणि महाभारत यांतील बालकथा.
_cदेवळे श. रा.
260 _bकमलप्रभा.
300 _a0
600 _aदेवळे श. रा.
630 _aरामायण आणि महाभारत यांतील बालकथा.
655 _aबालवाङमय.
700 _aदेवळे श. रा.
730 _aरामायण आणि महाभारत यांतील बालकथा.
942 _cBOOK
999 _c267651
_d267651